|
|
|
|
| LEADER |
01158nam a2200325 a 4500 |
| 001 |
28210 |
| 003 |
BD-DhAAL |
| 005 |
20190523133554.0 |
| 008 |
140717s2010 mauae b 000 0 eng |
| 999 |
|
|
|c 32863
|d 32863
|
| 010 |
|
|
|a 2010011628
|
| 020 |
|
|
|a 9780262512411 (pbk. : alk. paper)
|
| 040 |
|
|
|a DLC
|c DLC
|d DLC
|d BD-DhAAL
|
| 041 |
|
|
|a eng
|
| 042 |
|
|
|a pcc
|
| 050 |
0 |
0 |
|a NA1353.T78
|b A35 2010
|
| 082 |
0 |
0 |
|a 724.7
|2 22
|
| 100 |
1 |
|
|a Tschumi, Bernard,
|d 1944-
|9 5391
|
| 245 |
1 |
0 |
|a Event-cities 4 :
|b concept-form /
|c Bernard Tschumi.
|
| 246 |
3 |
|
|a Event-cities four
|
| 260 |
|
|
|a Cambridge, MA :
|b MIT Press,
|c c2010.
|
| 300 |
|
|
|a 639 p. :
|b ill. (some col.), plans (some col.) ;
|c 23 cm.
|
| 504 |
|
|
|a Includes bibliographical references (p. 625-[638]).
|
| 526 |
|
|
|a ARC
|
| 541 |
|
|
|e 28210
|
| 600 |
1 |
0 |
|a Tschumi, Bernard,
|d 1944-
|9 5392
|
| 650 |
|
0 |
|a Architecture, Modern
|y 21st century.
|9 5382
|
| 650 |
|
0 |
|a Architecture
|x Philosophy.
|9 5393
|
| 942 |
|
|
|2 ddc
|c BK
|
| 952 |
|
|
|0 0
|1 0
|2 ddc
|4 0
|6 724_700000000000000_TSC
|7 0
|9 43260
|a BRACUL
|b BRACUL
|c GEN
|d 2014-07-17
|e Karim International
|g 2660.00
|l 4
|m 56
|o 724.7 TSC
|p 3010028210
|r 2026-03-01
|s 2025-07-20
|t 1
|w 2014-07-17
|y BK
|